000 00563cam a22002053a 4500
001 40659
003 PGUSA
005 20140828083916.0
008 120904s2012||||xxu|||||s|||||000 | eng d
040 _aPGUSA
_beng
042 _adc
100 1 _aCambridge, Ada,
_d1844-1926
245 1 0 _aMaterfamilias
_h[electronic resource] /
_cAda Cambridge
260 _bProject Gutenberg,
_c2012
506 _aPublic domain in the USA.
516 _aElectronic text
830 0 _aProject Gutenberg
_v40659
856 4 0 _uhttp://www.gutenberg.org/ebooks/40659
942 _cEB
999 _c269912
_d269912